| 000 | 00642nam a22002177a 4500 | ||
|---|---|---|---|
| 003 | OSt | ||
| 008 | 140419b xxu||||| |||| 00| 0 eng d | ||
| 100 | 1 | _aStanley Gibbons, Ltd. | |
| 041 | _aeng | ||
| 245 | 1 | 0 | _aStanley Gibbons priced catalogue of King George VI postage stamps |
| 260 |
_aLondon ; Ringwood, [England] _bStanley Gibbons, Ltd. |
||
| 300 | _a200 pages | ||
| 650 | 0 | _aBritish Colonies | |
| 650 | 0 | _aGreat Britain | |
| 650 | 0 | _aBritish Commonwealth | |
| 650 | 0 | _a20th Century | |
| 650 | 0 | _aGeorge VI, King of Great Britain, 1895-1952 | |
| 650 | 0 | _aCatalogs and Price Lists | |
| 650 | 0 | _aKing George VI Issues | |
| 942 | _e5th | ||
| 999 |
_c555 _d555 |
||